You're On Your Own Kid - Taylor Swift Lyrics - Statistics

General Stats
  • This quiz has been taken 15 times
  • The average score is 273 of 298
Answer Stats
Answer % Correct
a
100%
and
100%
as
100%
ashes
100%
away
100%
be
100%
best
100%
blood
100%
body
100%
by
100%
dont
100%
fireplace
100%
for
100%
friends
100%
from
100%
gave
100%
he
100%
home
100%
hosted
100%
I
100%
i
100%
in
100%
it
100%
know
100%
looked
100%
make
100%
me
100%
money
100%
my
100%
no
100%
not
100%
of
100%
parties
100%
party
100%
say
100%
so
100%
something
100%
splashes
100%
starved
100%
stay
100%
stays
100%
still
100%
Summer
100%
sweat
100%
take
100%
tears
100%
the
100%
there
100%
this
100%
to
100%
took
100%
went
100%
we're
100%
were
100%
what
100%
with
100%
you
100%
always
90%
anyway
90%
around
90%
been
90%
bodies
90%
boys
90%
bracelets
90%
called
90%
can
90%
cant
90%
cool
90%
days
90%
face
90%
friendship
90%
funny
90%
gonna
90%
gown
90%
have
90%
hear
90%
hes
90%
id
90%
jokes
90%
kid
90%
kiss
90%
learn
90%
like
90%
long
90%
loves
90%
never
90%
notice
90%
on
90%
one
90%
own
90%
perfect
90%
picked
90%
play
90%
saved
90%
saw
90%
smoking
90%
soaked
90%
sprinkler
90%
step
90%
taxi
90%
them
90%
they
90%
voice
90%
wait
90%
werent
90%
yearning
90%
your
90%
you're
90%
youre
90%
afraid
80%
all
80%
arent
80%
better
80%
bloomed
80%
bridges
80%
cared
80%
cause
80%
could
80%
Daisy
80%
dream
80%
dreams
80%
getting
80%
its
80%
just
80%
lose
80%
May
80%
moment
80%
pages
80%
patiently
80%
rare
80%
reason
80%
room
80%
search
80%
see
80%
songs
80%
that
80%
theres
80%
town
80%
turned
80%
who
80%
choose
70%
didnt
70%
different
70%
escape
70%
got
70%
great
70%
if
70%
is
70%
lot
70%
ok
70%
out
70%
parking
70%
petals
70%
phone
70%
run
70%
taste
70%
touch
70%
writing
70%
yeah
70%
ages
60%
i'll
60%
waited
60%
youve
60%
burnes
10%
eveything
10%
No matching quizzes found
Score Distribution
Percent of People with Each Score
Percentile by Number Answered
Your Score History
You have not taken this quiz